| 000 | 01253njm a22002897a 4500 | ||
|---|---|---|---|
| 005 | 20100914101026.0 | ||
| 007 | sd ammalaaahaa | ||
| 008 | 100914t xxu||||| |||| 00| 0 hin d | ||
| 028 |
_a7EPE 7077 _bHis Master's Voice |
||
| 035 | _aGR-02381 | ||
| 100 |
_aKishore Kumar _919854 |
||
| 245 |
_aAnari / _cby Kishore Kumar & Mahmood ; music by Laxmikant Pyarelal ; lyric by Majrooh _h[sound recording] : |
||
| 246 | _aअनारी (किशोर कुमार और महमूद) | ||
| 260 |
_aDum Dum, India _bHis Master's Voice _c1974 |
||
| 300 |
_a1 sound disc [Gramophone record] : _banalog, 45 rpm _c7 in. _fGramophone record |
||
| 500 | _aBrief record. | ||
| 500 | _aHis Master's Voice | ||
| 500 | _aOrange | ||
| 500 | _aExtended Play | ||
| 505 | _aPart 1 Tere Baghair jaan-e-janan (Kishore Kumar) तेरे बग़ैर जाने-इ -जानां Part 2 Hum to ek anari (Kishore Kumar & Mahmood) हम तो एक अनारी | ||
| 650 |
_aClassical Music _xExcerpts _zIndia _919855 _vFilm Song |
||
| 700 |
_aMahmood _91184 |
||
| 700 |
_aLaxmikant Pyarelal _919856 |
||
| 700 |
_aMajrooh _919857 |
||
| 942 |
_2ddc _cGR |
||
| 999 |
_c45612 _d45612 |
||